000 00659nam a2200205Ia 4500
001 7528
003 GE_BSU
008 181216s||||||||xx |||||||||||||| ||und||
040 _cGE_BSU
080 _a624.15
100 _aЗурнаджи,В.А. Николаев,В.В.
245 _aМеханика грунтов основания и фундаменты.
245 _cРед. А.П.Мартынов.
260 _aМ.
260 _bВысш. школа.
300 _a415стр.22см. 264 илл. 24 библиогр.
300 _e65 табл.
653 _aМеханика грунтов основания и фундаменты.
942 _cBK
999 _c40884
_d40884